| 000 | 01363nam a2200361Ii 4500 | ||
|---|---|---|---|
| 001 | DIGDYK0031 | ||
| 003 | NyNyDIG | ||
| 006 | m o d | ||
| 007 | cr ||||||||||| | ||
| 008 | 131101s2009 sp ob 000 0 spa d | ||
| 020 | _z8498498007 | ||
| 020 | _z9788498498004 | ||
| 035 | _a(OCoLC)888264761 | ||
| 040 |
_aDGITA _beng _epn _cDGITA |
||
| 050 | 1 | 4 | _aRT51 eBook |
| 245 | 0 | 0 |
_aAuditoría de las prácticas clínicas : _balumnos de 1o, 2o y 3o curso de enfermería / _cLourdes Chocarro González ... [et al.]. |
| 264 | 1 |
_aMadrid : _b Universidad Rey Juan Carlos, Servicio de Publicaciones : _bEditorial Dykinson, S.L., _c2009. |
|
| 300 | _a1 online resource (228 pages) | ||
| 336 |
_atext _btxt _2rdacontent |
||
| 337 |
_acomputer _bc _2rdamedia |
||
| 338 |
_aonline resource _bcr _2rdacarrier |
||
| 490 | 1 |
_aCiencias de la salud ; _v11 |
|
| 650 | 0 |
_aNursing _vHandbooks _xmethods _vHandbooks. |
|
| 650 | 0 |
_aNursing Care _xmethods _vHandbooks. |
|
| 655 | 0 | _aElectronic books. | |
| 700 | 1 | _aChocarro González, Lourdes. | |
| 791 | 2 |
_aDigitalia (Firm), _edistributor. |
|
| 830 | 0 |
_aCiencias de la salud (Universidad Rey Juan Carlos ; _v11 |
|
| 793 | 0 |
_gDigitalia eBook Collection: _aDykinson Editorial |
|
| 856 | 4 | 0 |
_3Digitalia Hispánica _uhttps://www.digitaliapublishing.com/a/6580/ |
| 910 | _aPremium Collection: 2007-2012 | ||
| 942 | _cRAA | ||
| 999 |
_c231655 _d231655 |
||